|
|
|
|
| LEADER |
01912nam a22004694a 4500 |
| 001 |
EBC180560 |
| 003 |
MiAaPQ |
| 005 |
20200520144314.0 |
| 006 |
m o d | |
| 007 |
cr cn||||||||| |
| 008 |
021105s2003 enka sb 001 0 eng |
| 010 |
|
|
|z 2002036935
|
| 015 |
|
|
|a GBA3-39294
|
| 020 |
|
|
|z 0415250544 (alk. paper)
|
| 035 |
|
|
|a (MiAaPQ)EBC180560
|
| 035 |
|
|
|a (Au-PeEL)EBL180560
|
| 035 |
|
|
|a (CaPaEBR)ebr10165964
|
| 035 |
|
|
|a (CaONFJC)MIL2209
|
| 035 |
|
|
|a (OCoLC)252868292
|
| 040 |
|
|
|a MiAaPQ
|c MiAaPQ
|d MiAaPQ
|
| 043 |
|
|
|a d------
|
| 050 |
|
4 |
|a HG4538
|b .D37 2003
|
| 082 |
0 |
4 |
|a 337
|2 21
|
| 100 |
1 |
|
|a De Soysa, Indra.
|
| 245 |
1 |
0 |
|a Foreign direct investment, democracy, and development
|h [electronic resource] :
|b assessing contours, correlates, and concomitants of globalization /
|c Indra de Soysa.
|
| 260 |
|
|
|a London ;
|a New York :
|b Routledge,
|c 2003.
|
| 300 |
|
|
|a viii, 154 p. :
|b ill.
|
| 490 |
1 |
|
|a Routledge advances in international political economy ;
|v 8
|
| 504 |
|
|
|a Includes bibliographical references (p. [133]-148) and index.
|
| 533 |
|
|
|a Electronic reproduction. Ann Arbor, MI : ProQuest, 2015. Available via World Wide Web. Access may be limited to ProQuest affiliated libraries.
|
| 650 |
|
0 |
|a Investments, Foreign.
|
| 650 |
|
0 |
|a International trade.
|
| 650 |
|
0 |
|a International economic integration.
|
| 650 |
|
0 |
|a Investments, Foreign
|z Developing countries.
|
| 650 |
|
0 |
|a Globalization
|x Economic aspects
|z Developing countries.
|
| 650 |
|
0 |
|a Globalization
|x Social aspects
|z Developing countries.
|
| 650 |
|
0 |
|a Democracy
|z Developing countries.
|
| 651 |
|
0 |
|a Developing countries
|x Economic conditions
|y 21st century.
|
| 655 |
|
4 |
|a Electronic books.
|
| 710 |
2 |
|
|a ProQuest (Firm)
|
| 830 |
|
0 |
|a Routledge advances in international political economy ;
|v 8.
|
| 856 |
4 |
0 |
|u https://ebookcentral.proquest.com/lib/matrademy/detail.action?docID=180560
|z Click to View
|